|
|
|
|
| LEADER |
00000nab a2200000 a 4500 |
| 001 |
vtls000601215 |
| 003 |
SK-MaSNL |
| 005 |
20260304215248.0 |
| 008 |
250425c19961997xo 0 slo |
| 015 |
|
|
|a SNBRB19rr/mm-uuuuu
|
| 035 |
|
|
|a CL0601354
|
| 035 |
|
|
|a urn:nbn:sk:snk-ab1enp
|
| 035 |
|
|
|a (urnnbn)urn:nbn:sk:snk:ar-003098
|
| 035 |
|
|
|a (uuid)31881528-ee05-4d0d-a992-5e3c72cc695a
|
| 040 |
|
|
|a SNKBUCL
|b slo
|c SNKBUCL
|e AACR2
|
| 041 |
0 |
|
|a cze
|
| 044 |
|
|
|a xo
|c SK
|
| 080 |
|
|
|a 376.353
|2 1981
|
| 100 |
1 |
|
|a Bulová, Alena
|4 aut
|9 1549806
|
| 245 |
1 |
0 |
|a Miloš Fulda: Včasná sluchově-řečová výchova sluchově postižených dětí
|c Alena Bulová
|
| 650 |
0 |
7 |
|a sluchovo postihnuté deti
|2 SNKPH
|9 1077
|
| 650 |
0 |
7 |
|a výchova sluchovo-rečová
|2 snkbucl
|9 1549807
|
| 655 |
|
7 |
|a články z novín a časopisov
|2 snkbucl
|9 267496
|
| 700 |
1 |
|
|a Fulda, Miloš
|4 aut
|9 1522543
|
| 773 |
0 |
|
|t Predškolská výchova
|g Roč. 51, č. 2 (1996/1997), s. 23
|
| 787 |
0 |
8 |
|i Rec.:
|a Fulda, Miloš
|t Včasná sluchově-řečová výchova sluchově postižených dětí
|d Brno : Masarykova univerzita, 1996
|
| 850 |
|
|
|a Slovenská národná knižnica
|
| 852 |
|
|
|a Slovenská národná knižnica
|
| 958 |
|
|
|a article27
|
| 958 |
|
|
|a CZ
|
| 958 |
|
|
|a RK
|
| 958 |
|
|
|a OND
|
| 958 |
|
|
|a EUIPO
|
| 992 |
|
|
|a RBX
|
| 999 |
|
|
|c 3145565
|d 3147495
|